[Event "Hong Kong op"]
[Site "Hong Kong"]
[Date "2025.01.02"]
[Round "9"]
[White "Chiu, David Zion"]
[Black "Ho, In Hei Henry"]
[Result "0-1"]
[WhiteElo "1912"]
[BlackElo "1775"]
[PlyCount "104"]
[EventDate "2024.12.27"]
[EventType "swiss"]
[EventRounds "9"]
[EventCountry "HKG"]
[SourceTitle "CB02_2025"]
[SourceDate "2025.01.08"]
[SourceVersion "1"]
[SourceVersionDate "2025.01.08"]
[SourceQuality "1"]

1. e4 c6 2. d4 d5 3. Nd2 dxe4 4. Nxe4 Nf6 5. Nxf6+ exf6 6. c3 Bd6 7. Bd3 0-0 8. Qc2 Re8+ 9. Ne2 h5 10. Be3 Nd7 11. 0-0-0 Nf8 12. Kb1 b5 13. d5 c5 14. Bxb5 Bd7 15. Bxd7 Nxd7 16. Ng3 g6 17. Ne4 Bf8 18. Qa4 Kg7 19. Rhe1 f5 20. Ng3 Bd6 21. Ne2 Nb6 22. Qc2 Rb8 23. Bc1 Qh4 24. Qd2 Qxf2 25. b3 a5 26. c4 a4 27. Bb2+ f6 28. g4 Nxc4 29. Bxf6+ Kxf6 30. Qc3+ Ne5 31. Ng3 Qf3 32. Qd2 Qxg4 33. Rf1 axb3 34. Rf4 bxa2+ 35. Ka1 Qxd1+ 36. Qxd1 Rb1+ 37. Qxb1 axb1Q+ 38. Kxb1 Ng4 39. Ra4 Nxh2 40. Ra6 Ke5 41. Ne2 Rd8 42. Kc2 Nf3 43. Kd3 Kxd5 44. Ke3 Nd4 45. Nc1 f4+ 46. Kd3 c4+ 47. Kc3 f3 48. Ra5+ Ke4 49. Ra2 Ke3 50. Kxc4 f2 51. Kd5 Bf8+ 52. Ke5 Bg7# 0-1

[Event "Hong Kong op"]
[Site "Hong Kong"]
[Date "2024.12.29"]
[Round "4"]
[White "Limbu, Chandra Singh"]
[Black "Chiu, David Zion"]
[Result "0-1"]
[WhiteElo "1856"]
[BlackElo "1912"]
[PlyCount "72"]
[EventDate "2024.12.27"]
[EventType "swiss"]
[EventRounds "9"]
[EventCountry "HKG"]
[SourceTitle "CB02_2025"]
[SourceDate "2025.01.08"]
[SourceVersion "1"]
[SourceVersionDate "2025.01.08"]
[SourceQuality "1"]

1. e4 c6 2. Nf3 d5 3. Nc3 Bg4 4. h3 Bxf3 5. Qxf3 e6 6. d4 dxe4 7. Nxe4 Qxd4 8. Bd3 Nd7 9. Bf4 Ngf6 10. Nxf6+ Qxf6 11. Qg3 Nc5 12. 0-0-0 Nxd3+ 13. Rxd3 Be7 14. h4 Qg6 15. Qf3 Rd8 16. Rxd8+ Bxd8 17. Bd6 h5 18. g3 Qf6 19. Qe3 Bb6 20. Bc5 Qh6 21. f4 Bc7 22. Rd1 e5 23. Qd3 Qe6 24. f5 Qc8 25. Bd6 Qd7 26. Qa3 Bxd6 27. Rxd6 Qe7 28. Qd3 0-0 29. f6 gxf6 30. Rd7 Qb4 31. c4 Kg7 32. Qe2 Qc5 33. Rd1 b5 34. Qxh5 Qxc4+ 35. Kb1 Qe4+ 36. Ka1 Rh8 0-1

[Event "Penang Heritage op 16th"]
[Site "Penang"]
[Date "2024.12.25"]
[Round "4"]
[White "Chiu, David Zion"]
[Black "Leong, Jyuin Pang Alexx Xa"]
[Result "0-1"]
[WhiteElo "1912"]
[BlackElo "1694"]
[PlyCount "170"]
[EventDate "2024.12.23"]
[EventType "swiss"]
[EventRounds "9"]
[EventCountry "MAS"]
[SourceTitle "CB14_2025"]
[SourceDate "2024.11.01"]
[SourceVersion "1"]
[SourceVersionDate "2024.11.01"]
[SourceQuality "1"]

1. e4 d5 2. exd5 Nf6 3. d4 Bg4 4. Nf3 Qxd5 5. Nc3 Qf5 6. Be2 Nc6 7. h3 Bxf3 8. Bxf3 0-0-0 9. Ne2 Nb4 10. 0-0 Nxc2 11. Rb1 e5 12. Ng3 Qg6 13. dxe5 Rxd1 14. Bxd1 Nd5 15. Bg4+ Kb8 16. Rd1 c6 17. Bf5 Qxg3 18. fxg3 Bc5+ 19. Kh2 Nce3 20. Bxe3 Nxe3 21. Rdc1 Bd4 22. Bd3 h5 23. Be2 Bxe5 24. Rc5 f6 25. Kh1 Nf5 26. Rc2 Nxg3+ 27. Kg1 Rd8 28. Kf2 h4 29. Rd1 Bd4+ 30. Kf3 c5 31. Rd3 Rd5 32. Rxd4 cxd4 33. Bd3 g5 34. Kg4 Rd6 35. b4 Rc6 36. Rd2 Kc7 37. a4 Rd6 38. Rc2+ Kd7 39. Rc4 Ke7 40. a5 a6 41. Rc1 Rd7 42. Kf3 Nh5 43. Bf5 Rd8 44. Rc7+ Kd6 45. Rxb7 Ke5 46. Bd3 Nf4 47. Bxa6 d3 48. Re7+ Kd4 49. Rc7 d2 50. Be2 Re8 51. Bd1 Re1 52. Ba4 Nd5 53. Rd7 d1Q+ 54. Bxd1 Rxd1 55. b5 Ra1 56. a6 Kc5 57. a7 Nb6 58. Rf7 Kxb5 59. Kg4 Nd5 60. Rd7 Kc6 61. Rf7 Kb6 62. Rd7 Nc7 63. Rd6+ Kxa7 64. Rxf6 Ra2 65. Kf3 Ra5 66. Kg4 Ra2 67. Kxg5 Rxg2+ 68. Kxh4 Kb8 69. Rf8+ Kb7 70. Kh5 Ne6 71. Rf6 Ng7+ 72. Kh6 Ne8 73. Re6 Nc7 74. Rd6 Nb5 75. Rd3 Kc7 76. h4 Nd6 77. Rf3 Kd7 78. h5 Ke7 79. Re3+ Kf8 80. Rf3+ Nf7+ 81. Rxf7+ Kxf7 82. Kh7 Rh2 83. h6 Kf6 84. Kh8 Rxh6+ 85. Kg8 Rh1 0-1

[Event "Penang Heritage op 16th"]
[Site "Penang"]
[Date "2024.12.24"]
[Round "3"]
[White "Hasnul, Hashim"]
[Black "Chiu, David Zion"]
[Result "0-1"]
[WhiteElo "1711"]
[BlackElo "1912"]
[PlyCount "62"]
[EventDate "2024.12.23"]
[EventType "swiss"]
[EventRounds "9"]
[EventCountry "MAS"]
[SourceTitle "CB14_2025"]
[SourceDate "2024.11.01"]
[SourceVersion "1"]
[SourceVersionDate "2024.11.01"]
[SourceQuality "1"]

1. e4 c5 2. Nf3 Nc6 3. Bb5 Nf6 4. Bxc6 dxc6 5. d3 g6 6. Nc3 Bg7 7. Be3 b6 8. Qd2 0-0 9. Bh6 Re8 10. Bxg7 Kxg7 11. e5 Nd5 12. Ne4 Qc7 13. h3 a5 14. 0-0 Bb7 15. Rfe1 Rad8 16. Ng3 Nb4 17. Qg5 Bc8 18. Nh5+ Kh8 19. Qh6 gxh5 20. e6 f6 21. Re5 Rd5 22. Rae1 Rg8 23. Rxh5 Rxh5 24. Qxh5 Nd5 25. g3 Qd6 26. Re4 Bxe6 27. Rh4 Rg7 28. Qe8+ Bg8 29. Rh6 Rxg3+ 30. fxg3 Qxg3+ 31. Kh1 Qxf3+ 0-1

[Event "Penang Heritage op 16th"]
[Site "Penang"]
[Date "2024.12.23"]
[Round "1"]
[White "Rishikesh, Siddharth"]
[Black "Chiu, David Zion"]
[Result "0-1"]
[WhiteElo "1656"]
[BlackElo "1912"]
[PlyCount "96"]
[EventDate "2024.12.23"]
[EventType "swiss"]
[EventRounds "9"]
[EventCountry "MAS"]
[SourceTitle "CB14_2025"]
[SourceDate "2024.11.01"]
[SourceVersion "1"]
[SourceVersionDate "2024.11.01"]
[SourceQuality "1"]

1. e4 c6 2. d3 d5 3. Nd2 dxe4 4. dxe4 e5 5. Ngf3 Nd7 6. Bc4 Bc5 7. 0-0 Ngf6 8. c3 0-0 9. b4 Bb6 10. Bb2 a5 11. a3 Qc7 12. Qe2 h6 13. Nh4 Rd8 14. Rad1 Nf8 15. h3 axb4 16. axb4 Ne6 17. Ndf3 Rxd1 18. Qxd1 Nxe4 19. Qe2 Ng3 20. Qxe5 Qxe5 21. Nxe5 Nxf1 22. Kxf1 Bc7 23. Nd3 b6 24. Nf5 Kf8 25. b5 Nc5 26. Nd4 Nxd3 27. Bxd3 Ra2 28. Bc1 c5 29. Ne2 Be6 30. c4 Be5 31. f4 Bb2 32. Bxb2 Rxb2 33. f5 Bc8 34. Nf4 Bb7 35. g4 Bf3 36. Ne2 Bxe2+ 37. Bxe2 Ke7 38. Kf2 Kf6 39. Ke3 Ke5 40. Bd3 Rh2 41. Bf1 Rh1 42. Bg2 Rg1 43. Bd5 f6 44. Kf2 Rd1 45. Be6 Kf4 46. Kg2 Rd2+ 47. Kg1 Kg3 48. Kf1 Kxh3 0-1